000 01557cam a22001934a 4500
005 20250605164336.0
008 250528s ||||||||||||||||||||||||d
035 _a23436
040 _aGR-AtMCL
_bgre
_dGR-AtMCL
_eAACR2
245 1 _aWe do not inherit the Earth from Our Ancestors; We borrow It from Our Children/Nursery Teachers' Perceptions on Environmental Education
260 _c2018
300 _a75
520 _aAbbreviations, Outline of the Research, Review of Literature, Introduction, Definitions, Historical Background, EE and Early Childhood Education and Care, Environmental Education in the School Curriculum, Teachers' Practices Regarding EE, Setting the Scene for the Present Study, Methodology, Approaches to Research, Research Instrument, Participants, Ethical Considerations, Data Collection and Analysis, Validity and Reliability, Statement of Results, Definition of Environment and SD and EE, Teaching Approaches to EE, Activities Related to Environmental Education, Children's Attitudes Toward EE, Challenges in the Impementation of EE, Suggestions for Applying EE, Analysis and Discussion, Definitions of Environment and SD and EE, Teaching Approaches to EE, Activities Related to Environmental Education, Children's Attitudes Towards EE, Challenges in the Implementation of EE, Suggestions for Applying EE, Summary and Conclusion, Critical Reflection on Findings, References, Appendices.
700 1 _aKoutsoupidou Theano
_98997
700 1 _aVlahava Charikleia
_99000
942 _cDS
999 _c8446
_d8446